Statistics for Locations of Quizmakers Map Quiz

Click here to take the quiz!

General Stats

  • This quiz has been taken 31 times
  • The average score is 9 of 14

Answers on the Map

Answers color-coded by a green-red scale on the quiz's map according to % correct below.
Loading ...
 

Answer Stats

Answer% Correct
KoljiVriVoda
91%
Quizmaster
91%
Stewart
73%
Jiaozira
68%
IAB
68%
Gassu
68%
scambigol
68%
SaturnPL
64%
WolfCam
59%
Gamer1162
59%
Jerry928
59%
cosmokim
55%
joez
45%
Kestrana
45%

Score Distribution

Percentile by Number Answered

Percent of People with Each Score

Your Score History

You have not taken this quiz